İktidara karşı Türk direniş ve devrimleri başlangıçtan Atatürk'e: (Record no. 14514)

MARC details
000 -BAŞLIK
Sabit Uzunlukta Kontrol Alanı 00798nam a22002297a 4500
999 ## - SİSTEM KONTROL NUMARALARI (KOHA)
Koha Biblionumber 14514
Koha Biblioitemnumber 14514
003 - KONTROL NUMARASI IDENTIFIER
Denetim Alanı MIRAKIL
005 - SON İŞLEM TARİHİ VE ZAMANI
Denetim Alanı 20210922145443.0
008 - SABİT-BOY VERİ ELEMANLARI - GENEL BİLGİLER
Sabit Uzunlukta Kontrol Alanı 210922b tu ||||| |||| 00| 0 tur d
020 ## - ULUSLARARASI STANDART KİTAP NUMARASI
Uluslararası Standart Kitap Numarası 9758410393
040 ## - KATALOGLAMA KAYNAK
Orijinal Kataloglama Ajansı TR-AnCHP
Kataloglama Dili tur
Metne Dönüştürmek Ajansı TR-AnCHP
041 ## - DİL KODU
Metin / Ses Parça Veya Ayrı Başlığın Dil Kodu tur
082 ## - DEWEY ONLU SINIFLANDIRMA NUMARASI
Sınıflandırma Numarası 956.1
Ürün Numarası Y37i 2003
100 ## - ANA GİRİŞ - KİŞİSEL İSİM
Kişisel Ad Yetkin, Çetin
245 ## - BAŞLIK TABLOSU
Başlık İktidara karşı Türk direniş ve devrimleri başlangıçtan Atatürk'e:
Başlığın Kalan Ulusal direniş - kurtuluş ve devrim yılları III. Kitap/
Sorumluluk Tablosu, Vb Çetin Yetkin
246 ## - UNVAN FORM VARYING
Başlık Doğru / Kısa Başlığı Ulusal direniş - kurtuluş ve devrim yılları
260 ## - YAYIN, DAĞITIM, VB
Yayın, Dağıtım, Vb Yeri İstanbul:
Yayıncı, Dağıtıcı, Vs Adı Otopsi Yayınları,
Yayın, Dağıtım, Vb Tarihi 2003.
300 ## - FİZİKSEL TANIM
Kapsam c. <3> :
Diğer Fiziksel Ayrıntıları 19 sm.
504 ## - KAYNAKÇA VB NOT
Kaynakça Vb Notu Dizin ve Kaynakça vardır.
650 ## - KONU KATMA GİRİŞ - TOPİKAL DÖNEM
Topikal Süreli Veya Coğrafi Ad Giriş Elemanı Halk eylemleri
Genel Alt Bölümü Tarih
Coğrafi Alt Bölümü Türkiye
650 ## - KONU KATMA GİRİŞ - TOPİKAL DÖNEM
Topikal Süreli Veya Coğrafi Ad Giriş Elemanı Atatürk devrimleri
Genel Alt Bölümü Tarih
Coğrafi Alt Bölümü Türkiye
942 ## - EKLENDİ GİRİŞ ELEMANLARI (KOHA)
Sınıflandırma Veya Raf Düzeni Kaynak Dewey Decimal Classification
Koha Öğesi Türü Books
Holdings
Kalıcı Konum Mevcut Konum Edinme Tarihi Toplam Check-Out'Lar Tam Çağrı Numarası Barkod Tarih Son Görülme İtibaren Geçerli Fiyatlar Sigara Kamu Notu Koha Öğesi Türü
CHP Kütüphanesi CHP Kütüphanesi 09/22/2021   956.1 Y37i 2003 020008 09/22/2021 09/22/2021 Emin Değer Bağışıdır. Books